[Event "Passau op 7th"]
[Site "Passau"]
[Date "1999.04.03"]
[Round "4"]
[White "Nuska, Martin"]
[Black "Schoen, Siegfried"]
[Result "1/2-1/2"]
[WhiteElo "1793"]
[BlackElo "1551"]
[PlyCount "24"]
[EventDate "1999.04.02"]
[EventType "swiss"]
[EventRounds "7"]
[EventCountry "GER"]
[SourceTitle "EXT 2000"]
[Source "ChessBase"]
[SourceDate "1999.11.16"]
[SourceVersion "1"]
[SourceVersionDate "1999.11.16"]
[SourceQuality "1"]

1. Nf3 g6 2. d4 Bg7 3. c4 c6 4. Nc3 d5 5. cxd5 cxd5 6. g3 Nf6 7. Bg2 0-0 8. 0-0 e6 9. Bf4 Nh5 10. Bg5 Nf6 11. Bf4 Nh5 12. Bg5 Nf6 1/2-1/2

[Event "Passau op 7th"]
[Site "Passau"]
[Date "1999.04.02"]
[Round "2"]
[White "Dickl, Errol"]
[Black "Nuska, Martin"]
[Result "1-0"]
[WhiteElo "2034"]
[BlackElo "1793"]
[PlyCount "73"]
[EventDate "1999.04.02"]
[EventType "swiss"]
[EventRounds "7"]
[EventCountry "GER"]
[SourceTitle "EXT 2000"]
[Source "ChessBase"]
[SourceDate "1999.11.16"]
[SourceVersion "1"]
[SourceVersionDate "1999.11.16"]
[SourceQuality "1"]

1. e4 c5 2. Nf3 d6 3. Bb5+ Bd7 4. Qe2 Bxb5 5. Qxb5+ Qd7 6. Nc3 a6 7. Qxd7+ Nxd7 8. Nd5 Rc8 9. c4 Ngf6 10. Nxf6+ Nxf6 11. d3 g6 12. Bd2 Bg7 13. a4 Nd7 14. Ke2 0-0 15. g4 Ne5 16. Nxe5 dxe5 17. b4 cxb4 18. Bxb4 Rc7 19. Ra3 Rfc8 20. Rb1 Bf8 21. Rab3 Rb8 22. Ba5 Rd7 23. Rb6 Rd6 24. Rxb7 Rc8 25. Bc7 Rc6 26. Bxe5 e6 27. Rb8 a5 28. R1b5 Bb4 29. Bf6 R6c7 30. Rxc8+ Rxc8 31. d4 Rxc4 32. Rb8+ Bf8 33. Be7 Rxa4 34. Bxf8 Ra2+ 35. Ke3 h5 36. Be7+ Kg7 37. g5 1-0